LEADER 01426nam a2200301 u 4500 001 000000010756 003 CaOOAMICUS 005 20070226105343.0 008 941124s1946 sp u000 u spa u 035 $a10267067 040 $aPUL(R)$bita 100 1 $aHernández Gil, Antonio.$0(OLS)http://pul/name/10519 245 13$aEl testamento militar :$b(En torno a un sistema ereditario militar romano) /$cAntonio Hernández-Gil. 260 $aMadrid :$b[s. n.],$c1946. 300 $a241 p. ;$c20 cm 490 1 $aPublicaciones del Instituto Nacional de Estudios Jurídicos.$aSerie 3, Monografías de derecho español ;$v5 500 $aContiene indici. 504 $aBibliografia in nota. 650 4$aDiritto romano.$0(OLS)http://pul/subject/382 650 4$aTestamento (diritto romano)$xFonti.$0(OLS)http://pul/subject/1513 830 0$aPublicaciones del Instituto Nacional de Estudios Jurídicos.$nSerie 3,$pMonografías de derecho español ;$v5.$0(OLS)http://pul/title/15679 850 $aPUL 852 $aPUL$W1$xDP2 Diritto e Scienze Sociali 1$y65$m186 F 41$j15254$nBK-PRI$qStampati$B15254$CPULBib$Z2$F15254 $H11570 $82 941 1 $a8 960 $aRoman law$9382 960 $aRoman law$9382 996 $6245$aEl testamento militar :$b(En torno a un sistema ereditario militar romano)$9(OLS)http://pul/title/15678 996 $6260$aMadrid :$b[s. n.]$9(OLS)http://pul/publisher/53014 LEADER 01174nam a2200289 u 4500 001 000000062550 003 CaOOAMICUS 005 20070226121139.0 008 011002s1926 fr u000 u fre u 035 $a10904997 040 $aPUL(R)$bita 100 0 $aMechtildis,$cs.,$d1242-1298.$0(OLS)http://pul/name/21365 245 14$aLes belles prières de S.te Mechtilde et S.te Gertrude /$ctraduites par D. A. Castel. 260 $aParis :$bDesclée De Brouwer,$c1926. 300 $a211 p. ;$c15 cm 490 1 $aPax ;$v20 500 $a"Edition in-12". 650 4$aPreghiere.$0(OLS)http://pul/subject/7929 700 1 $aCastel, André.$0(OLS)http://pul/name/42605 700 0 $aGertrudis,$cs.,$d1256-c. 1302.$0(OLS)http://pul/name/13976 830 0$aPax ;$v20.$0(OLS)http://pul/title/83451 850 $aPUL 852 $aPUL$W1$xSL Religione 1$y3$m41 F 86$j81309$nBK-PRI$qStampati$B81309$CPULBib$Z2$F81309 $H54542 $82 941 1 $a8 961 $aINV: 54542 996 $6245$aLes belles prières de S.te Mechtilde et S.te Gertrude$9(OLS)http://pul/title/83450 996 $6260$aParis :$bDesclée De Brouwer$9(OLS)http://pul/publisher/48280